000 00552nam a22001937a 4500
003 OSt
005 20180116183108.0
008 171031b xxu||||| |||| 00| 0 eng d
020 _a9781137275349
040 _c0
082 _a658.406 HAY 2014
100 _aJohn Hayes
245 _aThe Theory and Practice of Change Management
_cJohn Hayes
250 _a4th Ed.
260 _aGreat Britain
_bPalgrave Macmillan
_c2014
300 _a521p.
_bpb.
440 _aThe Theory and Practice of Change Management
942 _2ddc
_cBK
_k658.406 HAY 2014
999 _c352119
_d352119